| 000 | 00816nam a2200253Ia 4500 | ||
|---|---|---|---|
| 003 | OSt | ||
| 005 | 20220927105318.0 | ||
| 006 | a|||||r|||| 00| 0 | ||
| 007 | ta | ||
| 008 | 220926b |||||||| |||| 00| 0 eng d | ||
| 024 | _a168761 | ||
| 037 | _cReference Collections | ||
| 040 |
_aRTL _cRTL _beng |
||
| 041 |
_2eng _aeng |
||
| 082 | _a"X:54:(B), P8/TH" | ||
| 100 |
_agaur Upasna _9371601 |
||
| 245 | 0 |
_aInternational transmissiion of economic fluctuations _b Effects on the indian economy. |
|
| 260 |
_aDelhi _bUniversity of Delhi _c2008 |
||
| 300 |
_a169p _ccm. |
||
| 490 | _a"University of Delhi, Economics Deptt. of - Dissertation" | ||
| 500 | _aBibliography : P 113-23; Appendix : 124-169p | ||
| 942 |
_h"X:54:(B), P8/TH" _cCC |
||
| 999 |
_c691748 _d691748 |
||